000 00615nam a2200229Ia 4500
003 OSt
005 20221007064549.0
006 a|||||r|||| 00| 0
007 ta
008 221006b |||||||| |||| 00| 0 eng d
024 _a14,792
037 _cTextual
040 _aFLL
_cFLL
_beng
041 _2eng
_aeng
082 _aV2:13(X).N6, K6
100 _aChand Phul Au.
_9685964
245 0 _aFederal financial relations in India
260 _aDelhi
_bI.C.P.S.pub. India
_c1966
300 _a251p
_ccm.
942 _hV2:13(X).N6, K6
_cTEXL
_2CC
999 _c1134474
_d1134474